Regionalización socio-económica y administrativa
Guardat en:
| Autor corporatiu: | |
|---|---|
| Format: | Desconegut |
| Publicat: |
San José:
OFIPLAN
|
| Etiquetes: |
Afegir etiqueta
Sense etiquetes, Sigues el primer a etiquetar aquest registre!
|
MARC
| LEADER | 00000 a2200000 04500 | ||
|---|---|---|---|
| 001 | 15451 | ||
| 003 | |||
| 008 | 991231s d | ||
| 040 | |||
| 090 | |a 019102 | ||
| 110 | |a Costa Rica. Oficina de Planificación Nacional y Política Económica | ||
| 245 | |a Regionalización socio-económica y administrativa | ||
| 260 | |a San José: |b OFIPLAN | ||
| 300 | |a 14 p. | ||
| 999 | |c 16194 |d 16194 | ||
